Top 11 des pires nations du Classement Fifa fin 2024 - Statistiques

Statistiques générales
  • Ce quiz a été pris 75 fois
  • Le résultat moyen est 3 sur 11
Statistiques - réponses
Classement Nation % Correct
210 Saint-Marin
96%
204 Liechtenstein
75%
201 Seychelles
13%
205 Bahamas
10%
208 Iles vierges américaines
10%
202 Somalie
10%
200 Sri Lanka
10%
203 Guam
9%
207 Iles vierges britanniques
9%
209 Anguilla
4%
206 Iles Turques et Caïques
3%
Aucun quiz correspondant
Distribution des résultats
% des personnes avec chaque résultat
Percentile par nombre de réponses
Votre historique - résultats
Vous n’avez pas pris ce quiz